Patterns and processes (Record no. 32680)

MARC details
000 -LEADER
fixed length control field 00604nam a2200205Ia 4500
008 - FIXED-LENGTH DATA ELEMENTS--GENERAL INFORMATION
fixed length control field 191130s1976##################000#0#eng##
020 ## - INTERNATIONAL STANDARD BOOK NUMBER
International Standard Book Number 9780029020906
040 ## - CATALOGING SOURCE
Original cataloging agency ACL
Transcribing agency ACL
082 ## - DEWEY DECIMAL CLASSIFICATION NUMBER
Classification number 301.24 BEE
100 ## - MAIN ENTRY--PERSONAL NAME
Personal name Bee, Robert L
245 ## - TITLE STATEMENT
Title Patterns and processes
Statement of responsibility, etc. Robert L. Bee
260 ## - PUBLICATION, DISTRIBUTION, ETC.
Place of publication, distribution, etc. New York
Name of publisher, distributor, etc. Collier Macmillan
Date of publication, distribution, etc. c1976
300 ## - PHYSICAL DESCRIPTION
Extent 260p. ; 21cm
500 ## - GENERAL NOTE
General note Bibliography: p.235-253. _ Includes index
650 ## - SUBJECT ADDED ENTRY--TOPICAL TERM
Topical term or geographic name entry element Social Change
Topical term or geographic name entry element Social change Anthropological perspectives to 1973
990 ## - EQUIVALENCES OR CROSS-REFERENCES [LOCAL, CANADA]
Link information for 9XX fields b0354ecdac10000c1ec59b8ac5c2183f
991 ## -
-- 223911
Holdings
Withdrawn status Lost status Materials specified (bound volume or other part) Damaged status Not for loan Home library Current library Shelving location Date acquired Total Checkouts Full call number Barcode Date last seen Price effective from Koha item type
    pbk     Anna Centenary Library Anna Centenary Library 3RD FLOOR, B WING 09.10.2020   301.24 BEE 474347 09.10.2020 09.10.2020 English Books

Find us on the map